Advances in Neural Networks - ISNN 2017 14th International Symposium, ISNN 2017, Sapporo, Hakodate, and Muroran, Hokkaido, Japan, June 21–26, 2017, Proceedings, Part I /

This book constitutes the refereed proceedings of the 14th International Symposium on Neural Networks, ISNN 2017, held in Sapporo, Hakodate, and Muroran, Hokkaido, Japan, in June 2017. The 135 revised full papers presented in this two-volume set were carefully reviewed and selected from 259 submissi...

Full description

Corporate Author: SpringerLink (Online service)
Other Authors: Cong, Fengyu. (Editor, http://id.loc.gov/vocabulary/relators/edt), Leung, Andrew. (Editor, http://id.loc.gov/vocabulary/relators/edt), Wei, Qinglai. (Editor, http://id.loc.gov/vocabulary/relators/edt)
Language:English
Published: Cham : Springer International Publishing : Imprint: Springer, 2017.
Edition:1st ed. 2017.
Series:Theoretical Computer Science and General Issues ; 10261
Subjects:
Online Access:https://doi.org/10.1007/978-3-319-59072-1
LEADER 03600nam a22006255i 4500
001 978-3-319-59072-1
003 DE-He213
005 20210624234827.0
007 cr nn 008mamaa
008 170530s2017 gw | s |||| 0|eng d
020 |a 9783319590721  |9 978-3-319-59072-1 
024 7 |a 10.1007/978-3-319-59072-1  |2 doi 
050 4 |a Q337.5 
050 4 |a TK7882.P3 
072 7 |a UYQP  |2 bicssc 
072 7 |a COM016000  |2 bisacsh 
072 7 |a UYQP  |2 thema 
082 0 4 |a 006.4  |2 23 
245 1 0 |a Advances in Neural Networks - ISNN 2017  |h [electronic resource] :  |b 14th International Symposium, ISNN 2017, Sapporo, Hakodate, and Muroran, Hokkaido, Japan, June 21–26, 2017, Proceedings, Part I /  |c edited by Fengyu Cong, Andrew Leung, Qinglai Wei. 
250 |a 1st ed. 2017. 
264 1 |a Cham :  |b Springer International Publishing :  |b Imprint: Springer,  |c 2017. 
300 |a XXII, 583 p. 238 illus.  |b online resource. 
336 |a text  |b txt  |2 rdacontent 
337 |a computer  |b c  |2 rdamedia 
338 |a online resource  |b cr  |2 rdacarrier 
347 |a text file  |b PDF  |2 rda 
490 1 |a Theoretical Computer Science and General Issues ;  |v 10261 
505 0 |a Clustering, Classification, Modeling, and Forecasting -- Cognition Computation and Neural Networks -- Intelligent Control -- Signal, Image and Video Processing -- Bio-Signal and Medical Image Analysis. 
520 |a This book constitutes the refereed proceedings of the 14th International Symposium on Neural Networks, ISNN 2017, held in Sapporo, Hakodate, and Muroran, Hokkaido, Japan, in June 2017. The 135 revised full papers presented in this two-volume set were carefully reviewed and selected from 259 submissions. The papers cover topics like perception, emotion and development, action and motor control, attractor and associative memory, neurodynamics, complex systems, and chaos. 
650 0 |a Pattern recognition. 
650 0 |a Artificial intelligence. 
650 0 |a Computer science—Mathematics. 
650 0 |a Neural networks (Computer science) . 
650 0 |a Algorithms. 
650 0 |a Computer security. 
650 1 4 |a Pattern Recognition.  |0 https://scigraph.springernature.com/ontologies/product-market-codes/I2203X 
650 2 4 |a Artificial Intelligence.  |0 https://scigraph.springernature.com/ontologies/product-market-codes/I21000 
650 2 4 |a Mathematics of Computing.  |0 https://scigraph.springernature.com/ontologies/product-market-codes/I17001 
650 2 4 |a Mathematical Models of Cognitive Processes and Neural Networks.  |0 https://scigraph.springernature.com/ontologies/product-market-codes/M13100 
650 2 4 |a Algorithm Analysis and Problem Complexity.  |0 https://scigraph.springernature.com/ontologies/product-market-codes/I16021 
650 2 4 |a Systems and Data Security.  |0 https://scigraph.springernature.com/ontologies/product-market-codes/I28060 
700 1 |a Cong, Fengyu.  |e editor.  |4 edt  |4 http://id.loc.gov/vocabulary/relators/edt 
700 1 |a Leung, Andrew.  |e editor.  |4 edt  |4 http://id.loc.gov/vocabulary/relators/edt 
700 1 |a Wei, Qinglai.  |e editor.  |4 edt  |4 http://id.loc.gov/vocabulary/relators/edt 
710 2 |a SpringerLink (Online service) 
773 0 |t Springer Nature eBook 
776 0 8 |i Printed edition:  |z 9783319590714 
776 0 8 |i Printed edition:  |z 9783319590738 
830 0 |a Theoretical Computer Science and General Issues ;  |v 10261 
856 4 0 |u https://doi.org/10.1007/978-3-319-59072-1 
912 |a ZDB-2-SCS 
912 |a ZDB-2-SXCS 
912 |a ZDB-2-LNC 
950 |a Computer Science (SpringerNature-11645) 
950 |a Computer Science (R0) (SpringerNature-43710)